00355nam a2200121Ia 4500008004100000082002000041100001900061245003000080260004400110300000900154630001800163650005200181211109s9999||||xx |||||||||||||| ||und|| a894.8124bGUP-T aGuptan Nair, S 0aTiranjedutha Pabanthangal bSahithya Pravarthaka...aKottayamc1982 a325p xGeneral Stack aMalayalam LiteraturevMalayalam EssaysMalayalam